LDR 01238naa#a2200217#i#450# 001 RU\\bibl\19253 005 20260418192247.6 100 ## _a20260417b2026####ek#y0rusy0150####ca 102 ## _aRU 200 1# _aПУТИ ПОВЫШЕНИЯ ИНФОРМАЦИОННОГО ОБЕСПЕЧЕНИЯ УЧАСТНИКОВ ДОРОЖНОГО ДВИЖЕНИЯ И ЕГО ВЛИЯНИЕ НА УРОВЕНЬ БЕЗОПАСНОСТИ НА УЛИЧНО-ДОРОЖНОЙ СЕТИ _eСтатья/тезисы конференции 210 1# _aВоронеж _cВоронежский государственный лесотехнический университет имени Г.Ф. Морозова _d2026 215 ## _a5 с. 608 ## _aСтатья/тезисы конференции _2local 675 ## _aПрочие вопросы организации и эксплуатации транспорта. 656.09 _z 700 #1 _aБусарин _gЭдуард Николаевич 700 #1 _aКораблев _gР. А. 700 #1 _aЗеликова _gНаталья Владимировна 700 #1 _aБусарина _gА. Э. 700 #1 _aГасилова _gО. С. 700 #1 _aМаклакова _gЕлена Альбертовна 856 4# _abibl.vgltu.ru _u